Network changes in V belt rubber base during simulated service testing (Record no. 63732)

MARC details
000 -LEADER
fixed length control field 00405nam a2200145Ia 4500
100 ## - MAIN ENTRY--AUTHOR NAME
Personal name Mathew N M
245 #0 - TITLE STATEMENT
Title Network changes in V belt rubber base during simulated service testing
260 ## - PUBLICATION, DISTRIBUTION, ETC. (IMPRINT)
Name of publisher Journal Of Applied Polymer Science
Year of publication 1984
300 ## - PHYSICAL DESCRIPTION
Number of Pages 427-431
700 ## - ADDED ENTRY--PERSONAL NAME
Personal name Chakaraabarthy S
700 ## - ADDED ENTRY--PERSONAL NAME
Personal name De S K
700 ## - ADDED ENTRY--PERSONAL NAME
Personal name Mukharji J
942 ## - ADDED ENTRY ELEMENTS (KOHA)
Koha item type Journals
Holdings
Withdrawn status Lost status Damaged status Not for loan Home library Current library Date acquired Serial Enumeration / chronology Koha item type
      Journals RRII Library RRII Library 17/12/2021 Volume 29, Issue Journals